000 00463nam a2200181Ia 4500
001 3634
005 20260306145658.0
008 260306t2009||||xx |||||||||||||| ||spa||
041 _aESP
082 _a301
_bB34
100 _aBecker, Howard S.
_eAUT
245 0 _aTrucos del oficio:
_bcómo conducir su investigación en ciencias sociales
260 _c2009
300 _a293 páginas :
_c21 cm.
650 _aGEN
654 _aCHU
942 _cLIB
_dJUS
_fJUS
_2ddc
_n
999 _c3634
_d3634